00261nam a2200109Ia 4500008004100000082001500041100002100056245003200077250000800109260002600117300000800143150301s2010 xx 000 0 und d a641.5bCHA aCHAKRAVARTI, B.K aMODERN PROFESSIONAL COOKERY a1ST bAMAN PUB. DELHIc2010 a342